Quizzes
Events
Quiz Creation
Community
Videos
Private Events
Remove Ads
Sign In
Join for FREE
Feedback
Dark Mode
Quiz Categories
Sports
Geography
Music
Movies
Television
Just For Fun
Miscellaneous
History
Literature
Language
Science
Gaming
Entertainment
Religion
Holiday
For Kids
Quiz Lab
Recent
Popular Today
Quiz Kudos Today
Editor Picks
Curator Picks
Quizzes by...
Day
Popularity
Type
Ratings
Length
Year
Community
Subscriptions
Recent Discussions
Orange Saloon
Badges
Playlists
Quests
Create
Leaderboards
Showdown
Live 5
Trivia Bingo
Activity
Puzzle Library
Sporcle Events
Private Events
Virtual Trivia
Globe League
Become a Host
Pub Owners
SporcleCon
Opinionation
Our Games
Videos
Blog
Mobile Apps
Partnerships
Remove Ads and Go Orange
Feedback
Music
Pop Music
The Beatles
Song
Album
Lyrics
Bands
Singers
Artist
Clip
Rock
Rap
Classical
Billboard
Country Music
Kpop
Taylor Swift
Music
Pop Music
The Beatles
Song
Album
Lyrics
Bands
Singers
Artist
Clip
Rock
Rap
Classical
Billboard
Country Music
Kpop
Taylor Swift
Random Quiz
Search Sporcle
×
Quiz Lab
Quiz Lab
Music
Lyrics
Type in answers that appear in a list
Type in answers that appear in a list
Classic
Best Score? Go Orange.
Steam Powered Giraffe - Guess the Lyrics Stats
Can you name the Steam Powered Giraffe Lyrics
By
rednbluemakegren
10m
289 Questions
152 Plays
152 Plays
152 Plays
Comments
Comments
Give Quiz Kudos
Give Quiz Kudos
-
- Ratings
hide this ad
Replay
Link that replays current quiz
Next Quiz
Link to next quiz in quiz playlist
You Got
0%
They Got
Avg Score
55%
Avg Friend Score
Upgrade to see
Score Distribution
Jump to the score distribution portion of the page
Score
0/289
Timer
10:00
0
Plays Today
% Correct
the
94.1%
the
94.1%
and
94.1%
and
94.1%
the
94.1%
a
94.1%
the
94.1%
a
94.1%
and
94.1%
a
94.1%
the
94.1%
The
94.1%
the
94.1%
and
94.1%
the
94.1%
the
94.1%
and
94.1%
The
94.1%
and
94.1%
and
94.1%
The
94.1%
The
94.1%
and
94.1%
the
94.1%
The
94.1%
and
94.1%
the
94.1%
the
94.1%
a
94.1%
you
82.2%
you
82.2%
me
82.2%
me
82.2%
you
82.2%
you
82.2%
me
82.2%
me
82.2%
you
82.2%
you
82.2%
you
82.2%
you
82.2%
me
82.2%
to
75%
to
75%
to
75%
to
75%
to
75%
To
75%
to
75%
to
75%
to
75%
to
75%
to...
75%
on
71.1%
it
71.1%
On
71.1%
On
71.1%
of
69.7%
of
69.7%
of
69.7%
my
68.4%
my
68.4%
my
68.4%
with
65.1%
with
65.1%
with
65.1%
with
65.1%
with
65.1%
with
65.1%
with
65.1%
there
64.5%
In
64.5%
in
64.5%
In
64.5%
in
64.5%
in
64.5%
girl
63.8%
all
61.8%
all
61.8%
all
61.8%
all
61.8%
all
61.8%
all
61.8%
all
61.8%
all
61.8%
all
61.8%
all
61.8%
all
61.8%
one
61.2%
one
61.2%
one
61.2%
I'm
60.5%
golden
60.5%
her
60.5%
rust
60.5%
rust
60.5%
rust
60.5%
% Correct
it's
60.5%
rust
60.5%
It's
60.5%
rust
60.5%
rust
60.5%
rust
60.5%
it's
60.5%
rust
60.5%
It's
60.5%
rust
60.5%
It's
60.5%
rust
60.5%
It's
60.5%
rust
60.5%
rust
60.5%
it's
60.5%
rust
60.5%
It's
60.5%
rust
60.5%
It's
60.5%
It's
60.5%
ru-ah-uh-ah-uhst
60.5%
ru-ah-uh-ah-uhst
60.5%
hair
59.2%
I'll
58.6%
I'll
58.6%
Gone
58.6%
gone
58.6%
I'll
58.6%
I'll
58.6%
Gone
58.6%
gone
58.6%
gone
58.6%
gone
58.6%
I'll
58.6%
I'll
58.6%
Gone
58.6%
gone
58.6%
gone
58.6%
gone
58.6%
Gone
58.6%
Gone
58.6%
Gone
58.6%
(gone,
57.9%
gone)
57.9%
(gone,
57.9%
gone)
57.9%
(gone,
57.9%
gone)
57.9%
(gone,
57.9%
gone)
57.9%
(gone,
57.9%
gone)
57.9%
(gone,
57.9%
gone)
57.9%
lips
57.2%
electric
57.2%
Have
57.2%
Have
57.2%
have
57.2%
Have
57.2%
she
56.6%
sittin'
55.9%
stare
55.9%
red
55.9%
every
55.9%
every
55.9%
every
55.9%
Ruby
55.3%
by
54.6%
got
53.9%
got
53.9%
got
53.9%
got
53.9%
gum,
52.6%
nights
52.6%
are
52.6%
are
52.6%
nights
52.6%
is
52.6%
are
52.6%
nights
52.6%
poppin'
51.3%
Nostalgic
50.7%
feelin'
50.7%
Nostalgic
50.7%
feelin'
50.7%
Nostalgic
50.7%
feelin'
50.7%
lights
50%
Dashboard
49.3%
glowing
49.3%
song
49.3%
Baby
49.3%
moonlight
48%
pretty
48%
may
48%
% Correct
Cadillac,
47.4%
Cadillac
47.4%
head
46.7%
white
46.7%
peace
46.1%
dying
46.1%
don't
44.7%
plays
42.8%
into
42.8%
Into
42.8%
into
42.8%
radio
42.1%
catching
41.4%
belt
41.4%
buckle
41.4%
memory
41.4%
memory
41.4%
crackling
40.8%
Blue
40.8%
cool
40.8%
while
40.1%
crying,
40.1%
Black
39.5%
cats
39.5%
grease
38.8%
this
38.8%
see
38.8%
out,
38.8%
jukebox
38.2%
'cause
38.2%
sky
38.2%
leather,
37.5%
lace,
37.5%
yellow
37.5%
burnt
37.5%
your
36.8%
records
36.2%
scream
35.5%
fly
35.5%
Swing
34.9%
skirt,
34.9%
dream
34.9%
broken
34.2%
pulling
34.2%
waiting
34.2%
our
34.2%
keep
33.6%
Fingerless
32.9%
wishes
32.9%
tears
32.9%
will
32.9%
fishnets
32.2%
petrol
32.2%
hands
32.2%
flame
31.6%
winter
31.6%
kisses,
31.6%
vanishes
31.6%
despite
31.6%
done
30.9%
sea
30.9%
makes
30.3%
gloved
30.3%
cold
30.3%
years
30.3%
turned
30.3%
dead
29.6%
flickering
29.6%
lift
28.9%
transmission
28.3%
lawn,
27.6%
drive
27.6%
ash
27%
disco's
27%
high
26.3%
tops
26.3%
hop
26.3%
raves
26.3%
Let's
26.3%
Leopard
25.7%
skelly'ton
25.7%
future
25%
escapade
25%
derelict
24.3%
follow
24.3%
en
24.3%
retrograde
24.3%
fuel
24.3%
pointless
24.3%
route
23.7%
flings
22.4%
Shop's
21.7%
malt
19.1%
Reminiscing
17.8%
dieing
17.1%
Quiz Playlist
Details
Report
Send in Message
Add To Playlist
Classic:
Type in answers that appear in a list
Last Updated: Feb 16, 2017
Quiz Scoreboard
CHALLENGE
Sign Up to Join the Scoreboard
Show All
Scores
Hide
Comments
May contain spoilers
Recently Published
Billboard Blitz: Fleetwood Mac
by CooCooCachoo
Music
15s
Presidents Visiting Landmarks
by Hejman
History
7m
An Introduction to Baseball
by treessimontrees
Sports
5m
More to Explore
Quiz From the Vault
Featured Blog Post
Where Did the Easter Bunny Come From?
hide this ad
You Might Also Like...
Tags
Lyrics Quiz
Figure Out the Lyrics
Today's Top Quizzes in Music
Browse Music
hide this ad
Today's Top Quizzes in Lyrics
Browse Lyrics
Top Contributed Quizzes in Music
1
Taylor Swift All Songs (2024)
2
Guess the Artist- 70s Songs
3
7-to-1: Billboard Hot 100 #1 Hits of 2010s
4
Sorting Albums and Songs
5
Taylor Swift Logic Puzzle
6
KPOP LOGIC QUIZ
7
One Thing in Common: Music
8
Guess the Taylor Swift song (Mystery Song)
9
2010s Album by Cover III
10
Guess The Taylor Swift Lyrics Song #1
Explore More
Trending Topics
Anime
Harry Potter
Disney
Crossword
Marvel
NBA
Kpop
WWE
Puzzle
Soccer
Pokémon
The Office
Song
Country
NFL
hide this ad
More By:
rednbluemakegren
Quiz
Plays
Rating
Category
Featured
Created
Steam Powered Giraffe - Guess the Lyrics
152
Music
May 14, 2014
Go to Creator's Profile
Score Distribution
Quiz Creator Spotlight
rednbluemakegren
Follow
Send a Message
Quizzes Created
-
Created Quiz Play Count
-
More By This Creator
Popular Quizzes Today
1
Find the US States - No Outlines Minefield
2
Find the Countries of Europe - No Outlines Minefield
3
The Countries of the World
4
Find the US States
5
Risky Map Clicking: Biggest States A-Z
6
US States
7
Popular People in 1961
8
Movies - When Are They Set?
More Music Quizzes
Three Word Band Names
Published
Trending Quizzes
Risky Map Clicking: Least Populous States A-Z
1-10 Letter G Words
1-10 Letter F Words
Risky Map Clicking: Next State Alphabetically
Click the Washington State Counties! (Map)
Recently Updated
Leaping Animals
pecheneg
Reality TV Shows (A-Z)
bhenderson79
Rickey Henderson's Hall of Fame Teammates
pecheneg
Champions League XIs: Arsenal
pecheneg
Quick Pick: Celebrities in WWE's Hall of Fame
aduchscher
A-Z Keypad Blitz II
pecheneg
Multiple Oscar Actors
pecheneg
Mystery Phrase Blitz: Oscar 'Best Actors'
pecheneg
F. Scott Fitzgerald Novels
LTH
Pick 3 Villains
ddd62291
Trending Topics
Anime
Crossword
Harry Potter
NBA
Kpop
Marvel
Disney
The Office
Song
NFL
Pokémon
Country
Soccer
Puzzle
WWE
Your Account Isn't Verified!
In order to create a playlist on Sporcle, you need to verify the email address you used during registration. Go to your
Sporcle Settings
to finish the process.
Report this User
Report this user for behavior that violates our
Community Guidelines
.
Details:
Send Report
Go to the Sporcle.com Mobile Site →
Comments